000 00286pab a2200133 454500
008 180718b1986 xxu||||| |||| 00| 0 eng d
245 _aWorking of nationalised banks
260 _c1986
300 _a782-7
362 _a19 Apr.
650 _aBanks
773 _aCommerce
909 _a4276
999 _c4276
_d4276